000 00612nam a2200205Ia 4500
003 GCL
008 140319s9999 xx 000 0 ara d
040 _aGCL /
_cGCL
082 0 4 _aق
_b673.2
_bع ت
100 1 _aعلى زين العابدين
245 1 0 _aتاريخ فن صياغة الحلى النوبية والسودانية /
_cعلى زين العابدين
300 _a438ص
490 _a100 قصة
_v0
650 0 4 _aالحلى
650 0 4 _aالمجوهرات
650 0 4 _aالنوبة
650 0 4 _aالحلى النوبيه
650 0 4 _aالحلى السودانية
942 _2ddc
_cBK
999 _c46215
_d46215